Srdcovník obyčajný (Leonurus cardiaca L.)
Saved in:
| Main Author: | |
|---|---|
| Other Authors: | |
| Format: | Manuscript Book |
| Language: | Slovak |
| Published: |
2016
|
| Subjects: | |
| Online Access: | http://is.stuba.sk/zp/portal_zp.pl?podrobnosti=132837 |
| Tags: |
No Tags, Be the first to tag this record!
|
MARC
| LEADER | 00000ntm a22000003a 4500 | ||
|---|---|---|---|
| 001 | stuzp58687 | ||
| 003 | SK-STU | ||
| 005 | 20160719155637.8 | ||
| 007 | ta | ||
| 008 | 150427s2015----xo-----f-mn---000-0-slo-d | ||
| 040 | |a STU |b slo | ||
| 041 | 0 | |a slo | |
| 100 | 1 | |a Kvasnová, Alžbeta |u 040270 |4 aut |U FCHPT Ústav potravinárstva a výživy |T FCHPT Oddelenie výživy a hodnotenia kvality potravín |X 65903 |U C0270 |Y 686 |7 65903 | |
| 242 | 0 | 1 | |a Motherwort (Leonurus cardiaca L.) |y eng |
| 245 | 1 | 0 | |a Srdcovník obyčajný (Leonurus cardiaca L.) |
| 260 | |c 2016 | ||
| 650 | 4 | |a obsahové látky |2 slo | |
| 650 | 4 | |a biologické účinky |2 slo | |
| 650 | 4 | |a využitie |2 slo | |
| 650 | 4 | |a srdcovník |2 slo | |
| 650 | 4 | |a motherwort |2 eng | |
| 650 | 4 | |a constituents |2 eng | |
| 650 | 4 | |a biological effects |2 eng | |
| 650 | 4 | |a usage |2 eng | |
| 700 | 1 | |a Hybenová, Eva |u 040270 |k Z1 |4 ths |U FCHPT Ústav potravinárstva a výživy |T FCHPT Oddelenie výživy a hodnotenia kvality potravín |X 3897 |U C0270 |Y 686 |7 A000003897 | |
| 856 | 4 | |u http://is.stuba.sk/zp/portal_zp.pl?podrobnosti=132837 | |
| SQL | |a stuzp58687 |b DBP |c SLO |d Srdcovník obyčajný (Leonurus cardiaca L.) |e 65903 |f Kvasnová, Alžbeta |g 040270 |h 3897 |i Hybenová, Eva |j 20160713 |k 1785 |l 04 |m http://is.stuba.sk/zp/portal_zp.pl?podrobnosti=132837 |n B-VYKOZ |o 5.2.24. potravinárstvo | ||